Inkdeath / (Record no. 5059)
[ view plain ]
| 000 -LEADER | |
|---|---|
| fixed length control field | 01048nam a22003017a 4500 |
| 001 - CONTROL NUMBER | |
| control field | 5059 |
| 003 - CONTROL NUMBER IDENTIFIER | |
| control field | FISKH |
| 005 - DATE AND TIME OF LATEST TRANSACTION | |
| control field | 20241104121038.0 |
| 008 - FIXED-LENGTH DATA ELEMENTS--GENERAL INFORMATION | |
| fixed length control field | 241104b cb ||||| |||| 00| 0 eng d |
| 020 ## - INTERNATIONAL STANDARD BOOK NUMBER | |
| International Standard Book Number | 9780439866293 |
| 040 ## - CATALOGING SOURCE | |
| Original cataloging agency | FISKH |
| Language of cataloging | eng |
| Transcribing agency | FISKH |
| Modifying agency | FISKH |
| 050 ## - LIBRARY OF CONGRESS CALL NUMBER | |
| Classification number | PZ7.F96624 |
| 082 ## - DEWEY DECIMAL CLASSIFICATION NUMBER | |
| Classification number | 833.914 |
| 100 ## - MAIN ENTRY--PERSONAL NAME | |
| Personal name | Funke, Cornelia |
| 245 ## - TITLE STATEMENT | |
| Title | Inkdeath / |
| Statement of responsibility, etc. | by Cornelia Funke |
| 250 ## - EDITION STATEMENT | |
| Edition statement | First Scholastic paperback printing, September 2009 |
| 260 ## - PUBLICATION, DISTRIBUTION, ETC. | |
| Place of publication, distribution, etc. | New York : |
| Name of publisher, distributor, etc. | Scholastic ; |
| Date of publication, distribution, etc. | 2007 . |
| 300 ## - PHYSICAL DESCRIPTION | |
| Extent | 683 pages : |
| Other physical details | illustrations ; |
| Dimensions | 20 cm . |
| 490 ## - SERIES STATEMENT | |
| Series statement | Inkworld |
| Volume/sequential designation | Book 3 |
| 505 ## - FORMATTED CONTENTS NOTE | |
| Formatted contents note | U <br/> |
| 520 ## - SUMMARY, ETC. | |
| Summary, etc. | As Bluejay--Mo's fictitious double--tries to keep the Book of Immortality from unraveling, Adderhead kidnaps all the children in the kingdom, asking for Bluejay's surrender or the children will be doomed to slavery in the silver mines. |
| 521 8# - TARGET AUDIENCE NOTE | |
| Target audience note | 830 <br/> |
| Source | Lexile <br/> |
| 521 8# - TARGET AUDIENCE NOTE | |
| Target audience note | U <br/> |
| Source | Raz-Plus <br/> |
| 650 ## - SUBJECT ADDED ENTRY--TOPICAL TERM | |
| Topical term or geographic name entry element | children's |
| Form subdivision | fiction |
| 700 ## - ADDED ENTRY--PERSONAL NAME | |
| Personal name | Anthea, Bell |
| Relator term | Translator |
| 942 ## - ADDED ENTRY ELEMENTS (KOHA) | |
| Source of classification or shelving scheme | Dewey Decimal Classification |
| Koha item type | Books |
| Suppress in OPAC | No |
| Withdrawn status | Lost status | Source of classification or shelving scheme | Damaged status | Not for loan | Collection | Home library | Current library | Shelving location | Date acquired | Total Checkouts | Full call number | Barcode | Date last seen | Date last checked out | Price effective from | Koha item type |
|---|---|---|---|---|---|---|---|---|---|---|---|---|---|---|---|---|
| Dewey Decimal Classification | Fiction | Footprints International School Library Network Toul Tom Poung Campus | Footprints International School Library Network Toul Tom Poung Campus | TTP Secondary Fiction Bookshelves | 11/04/2024 | 2 | FUN 833.914 PZ7.F96624 | FISSE02035 | 01/09/2026 | 12/18/2025 | 11/04/2024 | Books |
